Информационный менеджмент: учебное пособие
| Autor Corporativo: | |
|---|---|
| Outros Autores: | |
| Resumo: | Заглавие с титульного экрана Электронная версия печатной публикации В пособии освещаются вопросы, касающиеся понятий информационных ресурсов, технологической среды ИС, процессов развития ИС, эффективного использования созданных ИС в конкретной предметной области. Рассматривается, какие фирмы действуют на рынке средств информатизации, каковы их вес и надежность и каковы технические характеристики их продукции, комплексной защищенности информационных ресурсов. Предназначено для бакалавров, обучающихся по направлению 230700 "Прикладная информатика". Режим доступа: из корпоративной сети ТПУ |
| Idioma: | russo |
| Publicado em: |
Томск, Изд-во ТПУ, 2014
|
| Assuntos: | |
| Acesso em linha: | http://www.lib.tpu.ru/fulltext2/m/2015/m106.pdf |
| Formato: | Recurso Eletrônico Livro |
| KOHA link: | https://koha.lib.tpu.ru/cgi-bin/koha/opac-detail.pl?biblionumber=289406 |
MARC
| LEADER | 00000nlm0a2200000 4500 | ||
|---|---|---|---|
| 001 | 289406 | ||
| 005 | 20231102000202.0 | ||
| 035 | |a (RuTPU)RU\TPU\book\313912 | ||
| 035 | |a RU\TPU\book\265955 | ||
| 090 | |a 289406 | ||
| 100 | |a 20150401d2014 m y0rusy50 ca | ||
| 101 | 0 | |a rus | |
| 102 | |a RU | ||
| 105 | |a a j 001zy | ||
| 135 | |a drgn ---uucaa | ||
| 181 | 0 | |a i | |
| 182 | 0 | |a b | |
| 200 | 1 | |a Информационный менеджмент |b Электронный ресурс |e учебное пособие |f Национальный исследовательский Томский политехнический университет (ТПУ), Юргинский технологический институт (ЮТИ) ; сост. М. Н. Исаков | |
| 203 | |a Текст |c электронный | ||
| 210 | |a Томск |c Изд-во ТПУ |d 2014 | ||
| 230 | |a 1 компьютерный файл (pdf; 944 KB) | ||
| 300 | |a Заглавие с титульного экрана | ||
| 300 | |a Электронная версия печатной публикации | ||
| 330 | |a В пособии освещаются вопросы, касающиеся понятий информационных ресурсов, технологической среды ИС, процессов развития ИС, эффективного использования созданных ИС в конкретной предметной области. Рассматривается, какие фирмы действуют на рынке средств информатизации, каковы их вес и надежность и каковы технические характеристики их продукции, комплексной защищенности информационных ресурсов. Предназначено для бакалавров, обучающихся по направлению 230700 "Прикладная информатика". | ||
| 333 | |a Режим доступа: из корпоративной сети ТПУ | ||
| 337 | |a Adobe Reader | ||
| 606 | 1 | |a Информационный менеджмент |2 stltpush |3 (RuTPU)RU\TPU\subj\69566 |9 84367 | |
| 610 | 1 | |a электронный ресурс | |
| 610 | 1 | |a учебные пособия | |
| 610 | 1 | |a информационный менеджмент | |
| 610 | 1 | |a информационные ресурсы | |
| 610 | 1 | |a технологические среды | |
| 610 | 1 | |a информационные системы | |
| 610 | 1 | |a обработка | |
| 610 | 1 | |a инновационные программы | |
| 610 | 1 | |a организационные структуры | |
| 610 | 1 | |a информатизация | |
| 686 | |a У9(2)39я73 |2 rubbk | ||
| 702 | 1 | |a Исаков |b М. Н. |c специалист в области информатики и вычислительной техники |c доцент Юргинского технологического института Томского политехнического университета |f 1954- |g Михаил Николаевич |2 stltpush |3 (RuTPU)RU\TPU\pers\24491 |4 220 |9 10814 | |
| 712 | 0 | 2 | |a Национальный исследовательский Томский политехнический университет (ТПУ) |b Юргинский технологический институт (ЮТИ) |c (2009- ) |h 349 |2 stltpush |3 (RuTPU)RU\TPU\col\15903 |
| 801 | 1 | |a RU |b 63413507 |c 20131024 | |
| 801 | 2 | |a RU |b 63413507 |c 20160411 |g RCR | |
| 856 | 4 | |u http://www.lib.tpu.ru/fulltext2/m/2015/m106.pdf | |
| 942 | |c CF | ||